Postharvest handling: a systems approach
Wedi'i Gadw mewn:
| Prif Awduron: | , , |
|---|---|
| Fformat: | Llyfr |
| Iaith: | Saesneg |
| Cyhoeddwyd: |
Amsterdam, The Netherlands:
Elsevier,
2014
|
| Rhifyn: | 1a. ed |
| Pynciau: | |
| Tagiau: |
Ychwanegu Tag
Dim Tagiau, Byddwch y cyntaf i dagio'r cofnod hwn!
|
MARC
| LEADER | 00000cam a2200000 a 4500 | ||
|---|---|---|---|
| 001 | UCE5207 | ||
| 003 | CL-VaPUC | ||
| 005 | 20241009151934.0 | ||
| 008 | 141211e20140000ne |||||||||||||||||eng|d | ||
| 999 | |c 357969 |d 357967 | ||
| 020 | |a 9780124081376 | ||
| 040 | |c Pontificia Universidad Católica de Valparaíso | ||
| 082 | 0 | 4 | |a 631.56 FLO 2014 |2 21 |
| 100 | 0 | |a Florkowski, Wojciech J |e author |9 577715 | |
| 245 | 1 | 0 | |a Postharvest handling: a systems approach |
| 250 | |a 1a. ed | ||
| 260 | |a Amsterdam, The Netherlands: |b Elsevier, |c 2014 | ||
| 300 | |a 564 páginas | ||
| 583 | |a last modification |c 20171117 10:14:58 |k Rodrigo Vera | ||
| 650 | 0 | |a Manejo poscosecha |9 881378 | |
| 650 | 0 | |a Tecnología poscosecha |9 883918 | |
| 650 | 0 | |a Nutrición vegetal |9 356885 | |
| 700 | 0 | |a Shewfelt, Robert L |e author |9 577716 | |
| 700 | 0 | |a Brueckner, Bernhard |e author |9 577717 | |
| 942 | |c BK |2 ddc | ||
| 945 | |d 20141211 14:14:00 |a arojas | ||
| 952 | |0 0 |1 0 |3 erd |4 0 |6 631_560000000000000_FLO_2014 |7 0 |8 A |9 466169 |a BIBAGR |b BIBAGR |i 5129303 |o 631.56 FLO 2014 |p 5129303 |r 2025-01-20 |w 2019-11-23 |y BK |z Catalogado en:20141211 |k AGR | ||
| 952 | |0 0 |1 0 |3 erd |4 0 |6 631_560000000000000_FLO_2014 |7 0 |8 A |9 466170 |a BIBAGR |b BIBAGR |i 5129311 |l 1 |o 631.56 FLO 2014 |p 5129311 |r 2025-01-20 |s 2024-05-20 |w 2019-11-23 |y BK |z Catalogado en:20141211 |k AGR | ||
| 952 | |0 0 |1 0 |2 ddc |4 0 |6 631_560000000000000_FLO_2014 |7 0 |8 A |9 581771 |a BIBAGR |b BIBAGR |c GEN |d 2022-03-09 |e 1 |g 117474.00 |i 5649609 |o 631.56 FLO 2014 |p 5649609 |r 2025-01-20 |t 3 |v 117474.00 |w 2022-03-09 |y BK |k AGR | ||